000 01055nam a22003137a 4500
003 CHAP
005 20220329133136.0
008 971013s r 00010 d
010 _a2641
011 _a3613
035 _a2814
040 _cCHAP
082 _a633.1072
_bI58
110 _aInternational Crops Research Institute for the Semi-Arid Tropics. Cereal Program
_959683
245 _aAnnual report
260 _aIndia :
_bICRISAT,
_c199-
500 _aLa biblioteca tiene: 1990, 1992
590 _aBATCH-UPD
_b10
_c20130110
_lUCH01
_h1205
590 _aBATCH-UPD
_b10
_c20130410
_lUCH01
_h0746
590 _aBATCH-UPD
_b10
_c20130914
_lUCH01
_h0321
590 _aCONVERSION
_b10
_c20130109
_lUCH01
_h1303
650 1 4 _aAgricultura
_xRegiones áridas.
_91781
650 1 4 _aCereales
_xInvestigación.
_921429
650 1 4 _aRegiones áridas
_xAgricultura.
_995670
901 _aBK
942 _cLIBRO
949 _a633.1072 I58
_bBC
_cC
_d33724000570511
_eC
_f1992
_h84142
_i2814
_si
949 _a633.1072 I58
_bBC
_cC
_d33724000570594
_eC
_f1990
_h80094
_i2814
_mD
_si
999 _c2641
_d2641